000 00423nam a22001577a 4500
003 OSt
005 20151202143551.0
008 151202b xxu||||| |||| 00| 0 eng d
040 _cRUA
082 _aFIS NAT 2002 B174 Or.1
100 _94144
_aNATH, SORITH.
245 _aFrozen shrimp processing technology of sun wah fisheries co.ltd
260 _aPhnom Penh
_bRUA
_c2002
300 _a51p.
_bill.
_c29cm.
942 _2ddc
_cFIS
999 _c3857
_d3857